Zelené verejné obstarávanie bakalárska práca

Enregistré dans:
Détails bibliographiques
Auteur principal: Pacovská, Frederika
Collectivités auteurs: Ekonomická univerzita v Bratislave. Národohospodárska fakulta, Univerzita Komenského v Bratislave. Právnická fakulta
Autres auteurs: Hodás, Milan
Format: Livre
Langue:slovaque
Publié: Bratislava 2020
Tags: Ajouter un tag
Pas de tags, Soyez le premier à ajouter un tag!

MARC

LEADER 00000nbm a2200000 4500
001 0276621
005 20220503144427.1
041 0 |a slo 
044 |a SK 
245 1 0 |a Zelené verejné obstarávanie  |b bakalárska práca  |c Frederika Pacovská ; školiteľ: Tomáš Ľalík 
264 1 |a Bratislava  |c 2020 
300 |a 54 s. 
100 1 |a Pacovská, Frederika 
700 1 |a Hodás, Milan 
710 2 |a Ekonomická univerzita v Bratislave. Národohospodárska fakulta 
710 2 |a Univerzita Komenského v Bratislave. Právnická fakulta